| 000 | 00808nas a2200265 4500 | ||
|---|---|---|---|
| 001 | BR9803860 | ||
| 003 | BR-BrBNA | ||
| 005 | 20231205100843.0 | ||
| 007 | ta | ||
| 008 | 230509b bl.|||p| |||| 00| 00por d | ||
| 040 |
_aBR-BrBNA _bpor _cBiblioteca Nacional de Agricultura |
||
| 041 | _a(Pt) | ||
| 072 | _aF61 | ||
| 100 | 1 | _aCalbo, M.E.R. | |
| 100 | 1 | _aMoraes, J.A.P.V. de | |
| 100 | 1 | _aCalbo, A.G. | |
| 245 | 1 | _aCrescimento, condutancia estomatica, fotossintese e porosidade do buriti sob inundacao | |
| 650 | _aBuriti | ||
| 650 | _aFotossintese | ||
| 650 | _aCrescimento | ||
| 650 | _aInundacao | ||
| 773 | 0 |
_tRevista Brasileira de Fisiologia Vegetal (Brazil) _xISSN 0103-3131 _g(Jan-Abr 1998), v. 10(1) p. 51-58 _wBR9803860 |
|
| 909 |
_a202311 _bLúcia _c55 _dLúcia Elande |
||
| 942 |
_2AGRIS _n0 _cANA |
||
| 999 |
_c158449 _d158449 |
||